| 000 | 01314nmm a2200469 a 4500 | ||
|---|---|---|---|
| 003 | AR-BaBNM | ||
| 005 | 20251128204801.0 | ||
| 008 | 011101s1992 ||||||||||||||000 | spa|| | ||
| 040 | _cAR-BaBNM | ||
| 110 | 2 | _aUniversidad Abierta y a Distancia Hernandarias | |
| 245 | 1 | 0 |
_aGeografía ambiental y socioeconómica _bteoría, ambiente y sociedad |
| 250 | _a1ª ed. | ||
| 260 |
_aBuenos Aires _bDocencia _c1992 |
||
| 300 |
_a391 p. _bcuadros, mapas |
||
| 500 | _aAl finalizar cada unidad contiene actividades, autoevaluaciones y referencias | ||
| 600 | 1 | 4 | _aRatzel, Federico |
| 600 | 1 | 4 | _aSauer, Carl |
| 650 | 4 | _aGEOGRAFIA HUMANA | |
| 650 | 4 | _aGEOGRAFIA ECONOMICA | |
| 650 | 4 | _aGEOGRAFIA FISICA | |
| 650 | 4 | _aMEDIO AMBIENTE | |
| 650 | 4 | _aCLIMA | |
| 650 | 4 | _aECOSISTEMAS | |
| 650 | 4 | _aINVESTIGACION ECOLOGICA | |
| 650 | 4 | _aECOLOGIA | |
| 650 | 4 | _aESPACIOS URBANOS | |
| 650 | 4 | _aMEDIO URBANO | |
| 650 | 4 | _aURBANIZACION | |
| 650 | 4 | _aTRANSPORTE | |
| 650 | 4 | _aENERGIA | |
| 650 | 4 | _aCONSERVACION DE LA ENERGIA | |
| 650 | 4 | _aMEDIO RURAL | |
| 650 | 4 | _aPOSITIVISMO | |
| 700 | 1 | _aJofre, Ana | |
| 700 | 1 | _aBerti, Liliana | |
| 700 | 1 | _aErbiti, Cecilia | |
| 700 | 1 | _aEtcheverry, Raquel | |
| 700 | 1 | _aGarcía, Mónica | |
| 700 | 1 | _aMantobani, José | |
| 942 | _cBK | ||
| 998 | _cGLORIA | ||
| 999 |
_c8808 _d8808 |
||